[Event "34th Leon Blitz Open 2021"]
[Site "chess.com INT"]
[Date "2021.07.07"]
[Round "1"]
[White "Martinez Alcantara, Jose Eduardo"]
[Black "Musovic, Armin"]
[Result "1-0"]
[WhiteTitle "GM"]
[BlackTitle "FM"]
[WhiteElo "2620"]
[BlackElo "2282"]
[WhiteFideId "3805662"]
[BlackFideId "939935"]
[EventDate "2021.07.07"]

1. e4 c6 2. Nf3 d5 3. d3 dxe4 4. dxe4 Qxd1+ 5. Kxd1 Bg4 6. Be2 Nd7 7. Ne1 Bxe2+
8. Kxe2 O-O-O 9. Nd3 e5 10. Be3 Kb8 11. Nd2 Ngf6 12. f3 Bd6 13. a4 Nf8 14. Nc4
Ng6 15. b4 Rhe8 16. b5 cxb5 17. axb5 b6 18. Rhd1 Bc7 19. g3 Nd7 20. Nb4 Ne7 21.
Na6+ 1-0

[Event "34th Leon Blitz Open 2021"]
[Site "chess.com INT"]
[Date "2021.07.07"]
[Round "1"]
[White "Mikhnenko, Alexander"]
[Black "Larino Nieto, David"]
[Result "0-1"]
[WhiteTitle "CM"]
[BlackTitle "GM"]
[WhiteElo "2065"]
[BlackElo "2455"]
[WhiteFideId "34143014"]
[BlackFideId "2256444"]
[EventDate "2021.07.07"]

1. e4 c6 2. d4 g6 3. Nc3 d5 4. e5 Bg7 5. Be3 Nh6 6. Bxh6 Bxh6 7. h4 c5 8. h5 Nc6
9. hxg6 hxg6 10. Nh3 cxd4 11. Ne2 Qa5+ 12. c3 dxc3 13. bxc3 Nxe5 14. Qd4 Bg7 15.
Nef4 Nf3+ 0-1

[Event "34th Leon Blitz Open 2021"]
[Site "chess.com INT"]
[Date "2021.07.07"]
[Round "1"]
[White "Vasquez Schroeder, Rodrigo"]
[Black "Kulkarni, Rakesh"]
[Result "1-0"]
[WhiteTitle "GM"]
[BlackTitle "IM"]
[WhiteElo "2459"]
[BlackElo "2321"]
[WhiteFideId "3400042"]
[BlackFideId "5037077"]
[EventDate "2021.07.07"]

1. e4 c5 2. Nf3 e6 3. d4 cxd4 4. Nxd4 a6 5. Bd3 Nc6 6. Nxc6 dxc6 7. Nd2 e5 8.
Nc4 Nf6 9. O-O Qc7 10. Bd2 Bc5 11. Ba5 Qe7 12. Bc3 Nd7 13. Qh5 g6 14. Qh6 b5 15.
Na5 1-0

[Event "34th Leon Blitz Open 2021"]
[Site "chess.com INT"]
[Date "2021.07.07"]
[Round "1"]
[White "Popilski, Gil"]
[Black "Sarana, Alexey"]
[Result "0-1"]
[WhiteTitle "GM"]
[BlackTitle "GM"]
[WhiteElo "2464"]
[BlackElo "2640"]
[WhiteFideId "2809060"]
[BlackFideId "24133795"]
[EventDate "2021.07.07"]

1. d4 Nf6 2. c4 e6 3. Nf3 d5 4. Nc3 Nbd7 5. Qc2 c5 6. cxd5 exd5 7. g3 cxd4 8.
Nxd4 Bc5 9. Nb3 Bb6 10. Bg2 Ne5 11. Bf4 Ng6 12. O-O-O Be6 13. e4 d4 14. e5 Ng4
15. Bxb7 O-O 16. Bxa8 Qxa8 17. Nxd4 Bxd4 18. Qe4 Bxc3 19. Qxa8 Rxa8 0-1

[Event "34th Leon Blitz Open 2021"]
[Site "chess.com INT"]
[Date "2021.07.07"]
[Round "1"]
[White "Lopez Idarraga, Daniel Eduardo"]
[Black "Araujo Sanchez, Josue"]
[Result "0-1"]
[WhiteTitle "FM"]
[BlackTitle "IM"]
[WhiteElo "2009"]
[BlackElo "2310"]
[WhiteFideId "4405501"]
[BlackFideId "6416896"]
[EventDate "2021.07.07"]

1. d4 Nf6 2. Bf4 d5 3. e3 c5 4. Nd2 Nc6 5. c3 Bf5 6. Ngf3 Qb6 7. Qb3 c4 8. Qxb6
axb6 9. a3 b5 10. Rc1 Nh5 11. Bg5 h6 12. Bh4 g5 13. Bg3 Nxg3 14. hxg3 Bg7 15.
Be2 e6 16. O-O Bg6 17. Bd1 f5 18. Bc2 Ne7 19. Ne5 Bxe5 20. dxe5 g4 21. f4 gxf3
22. gxf3 h5 23. Kg2 Kf7 24. f4 h4 25. Nf3 hxg3 26. Ng5+ Ke8 27. Nxe6 Kd7 28. Nd4
b4 29. axb4 Rh2+ 30. Kxg3 Rah8 31. Ba4+ Kc8 0-1

[Event "34th Leon Blitz Open 2021"]
[Site "chess.com INT"]
[Date "2021.07.07"]
[Round "1"]
[White "Vallejo Diaz, Javier"]
[Black "Topalov, Aleksandar"]
[Result "1-0"]
[WhiteTitle "FM"]
[BlackTitle "CM"]
[WhiteElo "2365"]
[BlackElo "2260"]
[WhiteFideId "2256398"]
[BlackFideId "925659"]
[EventDate "2021.07.07"]

1. e4 e6 2. d4 d5 3. Nd2 Nf6 4. e5 Ng8 5. c3 Ne7 6. f4 Qd7 7. Ndf3 h5 8. Bd3 g6
9. Ne2 b6 10. Be3 Ba6 11. O-O Bxd3 12. Qxd3 Nf5 13. b4 c5 14. bxc5 bxc5 15. Rab1
Nc6 16. dxc5 Nxe3 17. Qxe3 Be7 18. h3 h4 19. Kh1 Kf8 20. Ned4 Kg7 21. Rb5 Rab8
22. Rfb1 Rxb5 23. Rxb5 Nxd4 24. Nxd4 Rc8 25. c6 Qd8 26. Rb7 Rc7 27. Nxe6+ fxe6
28. Qxa7 Rxc6 29. Rxe7+ Kf8 30. Rh7 1-0

[Event "34th Leon Blitz Open 2021"]
[Site "chess.com INT"]
[Date "2021.07.07"]
[Round "1"]
[White "Chitlange, Sakshi"]
[Black "Leiva, Giuseppe"]
[Result "0-1"]
[WhiteTitle "WIM"]
[BlackTitle "IM"]
[WhiteElo "2167"]
[BlackElo "2391"]
[WhiteFideId "35002899"]
[BlackFideId "3804399"]
[EventDate "2021.07.07"]

1. d4 Nf6 2. c4 e6 3. g3 d5 4. Bg2 Be7 5. Nf3 O-O 6. O-O c6 7. Qc2 b6 8. Nbd2
Bb7 9. e4 dxc4 10. Nxc4 Nbd7 11. Rd1 c5 12. Nfe5 cxd4 13. Rxd4 Bc5 14. Rd1 Qe7
15. Nxd7 Nxd7 16. a3 a5 17. b3 Rac8 18. Qe2 Ba6 19. Bb2 a4 20. Qg4 Nf6 21. Qg5
axb3 22. Ne5 Bxf2+ 23. Kxf2 Nxe4+ 0-1

[Event "34th Leon Blitz Open 2021"]
[Site "chess.com INT"]
[Date "2021.07.07"]
[Round "1"]
[White "Bures, Vit"]
[Black "Dong, Bao Nghia"]
[Result "0-1"]
[WhiteTitle "CM"]
[BlackTitle "CM"]
[WhiteElo "2144"]
[BlackElo "2227"]
[WhiteFideId "309052"]
[BlackFideId "12400343"]
[EventDate "2021.07.07"]

1. d4 e6 2. c4 d5 3. Nc3 c6 4. e3 Nf6 5. Nf3 Bd6 6. Bd3 O-O 7. O-O h6 8. e4 dxe4
9. Nxe4 Nxe4 10. Bxe4 Nd7 11. Re1 Nf6 12. Bc2 c5 13. dxc5 Bxc5 14. Be3 Qe7 15.
a3 Bd7 16. b4 Bxe3 17. Rxe3 Rfd8 18. Qe2 Bc6 19. Rd1 a5 20. Rxd8+ Rxd8 21. Rb3
Bxf3 22. Qxf3 Rd4 23. Qc3 Qd6 24. h3 Ne4 25. Bxe4 Rd1+ 0-1

[Event "34th Leon Blitz Open 2021"]
[Site "chess.com INT"]
[Date "2021.07.07"]
[Round "1"]
[White "Taylor, Gordon"]
[Black "Smirnov, Alexandr A."]
[Result "1-0"]
[WhiteTitle "FM"]
[BlackTitle "FM"]
[WhiteElo "2309"]
[BlackElo "2136"]
[WhiteFideId "2600250"]
[BlackFideId "24104396"]
[EventDate "2021.07.07"]

1. e4 c5 2. Nf3 d6 3. d4 cxd4 4. Nxd4 Nf6 5. Nc3 a6 6. Be3 e5 7. Nf3 Be7 8. Bc4
O-O 9. O-O Nc6 10. Re1 h6 11. Qe2 Bg4 12. h3 Bh5 13. Rad1 Rc8 14. Nd5 Nxd5 15.
Bxd5 Kh8 16. a3 Qd7 17. c4 f5 18. exf5 Qxf5 19. g4 Bxg4 20. hxg4 Qxg4+ 21. Kh1
Na5 22. c5 dxc5 23. Nxe5 Qh3+ 24. Kg1 Qf5 25. Bf4 Bh4 26. Be4 Qe6 27. Ng6+ 1-0

[Event "34th Leon Blitz Open 2021"]
[Site "chess.com INT"]
[Date "2021.07.07"]
[Round "1"]
[White "Gimenez Aguirre, Alejo Ismael"]
[Black "Dhulipalla, Bala Chandra Prasad"]
[Result "0-1"]
[WhiteTitle "IM"]
[BlackTitle "IM"]
[WhiteElo "2265"]
[BlackElo "2425"]
[WhiteFideId "32041667"]
[BlackFideId "25005812"]
[EventDate "2021.07.07"]

1. e4 Nc6 2. d4 e5 3. d5 Nce7 4. c4 Ng6 5. Nc3 Bc5 6. g3 Nf6 7. Bg2 O-O 8. Na4
Bb4+ 9. Bd2 Bxd2+ 10. Qxd2 d6 11. Ne2 Ne8 12. O-O f5 13. f4 exf4 14. Nxf4 Ne5
15. b3 Qe7 16. Rae1 Nf6 17. Nc3 Rf7 18. Qd4 c5 19. dxc6 bxc6 20. exf5 Bxf5 21.
Qd2 Qc7 22. Rd1 Rd8 23. Kh1 Bg4 24. Rde1 Rdf8 25. Nd3 Nfd7 26. Rxf7 Rxf7 27.
Nxe5 Nxe5 28. Ne4 Nf3 29. Bxf3 Bxf3+ 30. Kg1 Re7 31. Qf4 Qb6+ 32. c5 Qb4 33.
Qxf3 Qxe1+ 0-1

[Event "34th Leon Blitz Open 2021"]
[Site "chess.com INT"]
[Date "2021.07.07"]
[Round "1"]
[White "Lobanov, Sergei"]
[Black "Sliwicka, Alicja"]
[Result "1-0"]
[WhiteTitle "IM"]
[BlackTitle "WIM"]
[WhiteElo "2514"]
[BlackElo "2308"]
[WhiteFideId "24183750"]
[BlackFideId "1150677"]
[EventDate "2021.07.07"]

1. e4 c5 2. Nf3 d6 3. d4 cxd4 4. Nxd4 Nf6 5. Nc3 Bd7 6. f3 e5 7. Nb3 Be7 8. Be3
O-O 9. Qd2 a5 10. a4 Na6 11. O-O-O Be6 12. g4 Nb4 13. g5 Nh5 14. Kb1 Nf4 15.
Bxf4 exf4 16. h4 Rc8 17. Nd4 Qd7 18. Nxe6 fxe6 19. Bh3 Rc4 20. Rh2 Rfc8 21. Qxf4
Kh8 22. Qg4 Rf8 23. Qxe6 Qc7 24. Nb5 Qc6 25. Qxe7 Re8 26. Qxd6 Rxc2 27. Qxc6
bxc6 28. Rxc2 Nxc2 29. Nc7 1-0

[Event "34th Leon Blitz Open 2021"]
[Site "chess.com INT"]
[Date "2021.07.07"]
[Round "1"]
[White "Necula, Iulian"]
[Black "Kadam, Om Manish"]
[Result "0-1"]
[BlackTitle "CM"]
[WhiteElo "1890"]
[BlackElo "2114"]
[WhiteFideId "1232380"]
[BlackFideId "45076294"]
[EventDate "2021.07.07"]

1. f4 Nf6 2. Nf3 g6 3. g3 Bg7 4. Bg2 O-O 5. O-O d5 6. d3 c5 7. c3 Nc6 8. Na3 b6
9. Qe1 Bb7 10. e4 dxe4 11. dxe4 Qd7 12. e5 Nd5 13. Nc4 b5 14. Ne3 e6 15. Kh1
Nce7 16. Ng4 h5 17. Nf2 Nf5 18. Ne4 Rfd8 19. b3 Rac8 20. c4 bxc4 21. bxc4 Nb4
22. Rf2 Nd3 23. Qa5 Bxe4 24. Rd2 Qc6 25. Ne1 Bxg2+ 26. Nxg2 Ne3 27. Re2 Nxg2 28.
Rxg2 Ne1 29. Qxe1 Qf3 30. Be3 Rd3 31. Qf2 Rxe3 32. Qxf3 Rxf3 33. Rd2 Rc3 34. a4
Rxc4 35. a5 Rd4 36. Rc2 c4 37. a6 c3 38. Rac1 Rdc4 39. Kg2 R4c6 40. Ra1 Rb6 41.
Ra3 Bf8 42. Raxc3 Rxc3 43. Rxc3 Rxa6 44. Rc8 Ra2+ 45. Kh3 Kg7 46. Ra8 Bc5 47. g4
hxg4+ 48. Kxg4 Rxh2 49. Rc8 Bb6 0-1

[Event "34th Leon Blitz Open 2021"]
[Site "chess.com INT"]
[Date "2021.07.07"]
[Round "1"]
[White "Glek, Igor"]
[Black "Drygalov, Sergey"]
[Result "0-1"]
[WhiteTitle "GM"]
[BlackTitle "IM"]
[WhiteElo "2476"]
[BlackElo "2490"]
[WhiteFideId "4100484"]
[BlackFideId "24171743"]
[EventDate "2021.07.07"]

1. e4 c5 2. Nf3 d6 3. Bb5+ Nd7 4. d4 cxd4 5. Qxd4 a6 6. Bxd7+ Bxd7 7. c4 Nf6 8.
Bg5 e6 9. Nc3 Bc6 10. O-O Be7 11. a4 O-O 12. a5 Nd7 13. Bxe7 Qxe7 14. b4 Ne5 15.
Nxe5 dxe5 16. Qb6 Rfc8 17. b5 Be8 18. Ra4 axb5 19. Nxb5 Bc6 20. f3 Qd7 21. Rb1
Qd3 22. Rab4 Ra6 23. Qf2 Rxa5 24. Qe1 Ra2 25. Nc3 Rc2 26. Nd1 Rd8 27. Nf2 Qd4
28. Rd1 Qxf2+ 29. Qxf2 Rxd1+ 0-1

[Event "34th Leon Blitz Open 2021"]
[Site "chess.com INT"]
[Date "2021.07.07"]
[Round "1"]
[White "Harshavardhan, G B"]
[Black "Wiwatanadate, Poompong"]
[Result "1-0"]
[WhiteTitle "IM"]
[BlackTitle "FM"]
[WhiteElo "2397"]
[BlackElo "2043"]
[WhiteFideId "25059009"]
[BlackFideId "6201083"]
[EventDate "2021.07.07"]

1. e4 c5 2. Nf3 e6 3. d4 cxd4 4. Nxd4 Nc6 5. Nc3 Qc7 6. Be3 a6 7. Qd2 Nf6 8.
O-O-O Be7 9. f3 b5 10. g4 Nxd4 11. Bxd4 Bb7 12. Kb1 Rc8 13. Bd3 b4 14. Ne2 e5
15. Bf2 d5 16. Ng3 dxe4 17. fxe4 Nxg4 18. Nf5 Nxf2 19. Qxf2 O-O 20. Rhg1 Bf6 21.
Nxg7 Bxg7 22. Qf6 1-0

[Event "34th Leon Blitz Open 2021"]
[Site "chess.com INT"]
[Date "2021.07.07"]
[Round "1"]
[White "Nefedov, Sergey"]
[Black "Demchenko, Anton"]
[Result "1-0"]
[WhiteTitle "FM"]
[BlackTitle "GM"]
[WhiteElo "2313"]
[BlackElo "2600"]
[WhiteFideId "24113417"]
[BlackFideId "4160258"]
[EventDate "2021.07.07"]

1. d4 Nf6 2. Nf3 g6 3. c4 Bg7 4. Nc3 O-O 5. Bg5 d6 6. Qd2 Re8 7. Bh6 Bh8 8. h4
Nh5 9. e4 Nc6 10. d5 Nb4 11. Be2 e6 12. O-O exd5 13. cxd5 Bg4 14. Bg5 Qc8 15. a3
Na6 16. Bxa6 bxa6 17. Nd4 Bd7 18. Rac1 Qb7 19. b4 Nf6 20. f3 Rac8 21. Rfd1 Nh5
22. g4 Ng7 23. Bf6 a5 24. b5 a6 25. a4 axb5 26. Ncxb5 Rf8 27. Qxa5 h5 28. g5 Ne8
29. Be7 Be5 30. Kg2 Ra8 31. Qb4 Rb8 32. Bxf8 Kxf8 33. Nc6 Bxc6 34. Rxc6 Kg8 35.
Rdc1 Ra8 36. R1c4 f6 37. Nxc7 Qxb4 38. Rxb4 Nxc7 39. Rxc7 fxg5 40. hxg5 Bf4 41.
Rbc4 1-0

[Event "34th Leon Blitz Open 2021"]
[Site "chess.com INT"]
[Date "2021.07.07"]
[Round "1"]
[White "Matinian, Nikita"]
[Black "Almeida Junior, Alvaro Alves de"]
[Result "0-1"]
[WhiteTitle "GM"]
[WhiteElo "2436"]
[BlackElo "2132"]
[WhiteFideId "24129100"]
[BlackFideId "2149974"]
[EventDate "2021.07.07"]

1. e4 c5 2. Nc3 Nc6 3. f4 g6 4. Nf3 Bg7 5. Bb5 e6 6. Bxc6 bxc6 7. O-O Ne7 8. d3
d6 9. e5 O-O 10. Ne4 dxe5 11. fxe5 Rb8 12. Bg5 h6 13. Nf6+ Kh8 14. Qd2 hxg5 15.
Qxg5 Nf5 16. g4 Bh6 17. gxf5 Bxg5 18. Nxg5 exf5 19. Rf4 Kg7 20. Re1 Rh8 21. b3
Rh5 22. Nxh5+ gxh5 23. h4 Rb4 24. c4 Qxd3 25. Nf3 Be6 26. Kf2 Rb8 27. Rg1+ Kf8
28. Ng5 Qd2+ 29. Kg3 Qe3+ 30. Nf3 Rd8 31. Re1 Qc3 32. Kf2 Rd3 33. Re2 Qc1 34.
Kg3 a5 35. Rf2 a4 36. bxa4 Bxc4 37. a5 Bd5 38. a6 Qa3 39. Rxf5 Qxa6 40. e6 Bxe6
41. Rxh5 Bd5 42. Rh8+ Kg7 43. Rh5 Rxf3+ 0-1

[Event "34th Leon Blitz Open 2021"]
[Site "chess.com INT"]
[Date "2021.07.07"]
[Round "1"]
[White "Lorparizangeneh, Shahin"]
[Black "Arpita, Mukherjee"]
[Result "0-1"]
[WhiteTitle "GM"]
[BlackTitle "WIM"]
[WhiteElo "2492"]
[BlackElo "2206"]
[WhiteFideId "12521604"]
[BlackFideId "5056403"]
[EventDate "2021.07.07"]

1. d4 Nf6 2. c4 g6 3. Nc3 Bg7 4. e4 d6 5. Be2 O-O 6. Bg5 c5 7. d5 Qb6 8. Qd2 e6
9. h4 h5 10. g4 exd5 11. Bxf6 Bxf6 12. Nxd5 Qxb2 13. Qxb2 Bxb2 14. Rb1 Be5 15.
f4 Bd4 16. Nc7 hxg4 17. Nxa8 Na6 18. h5 Bd7 19. Rxb7 Bc6 20. Rxa7 Rxa8 21. Rxa8+
Bxa8 22. Bxg4 Bxe4 23. Nf3 f5 24. Nxd4 cxd4 25. O-O fxg4 26. hxg6 Bf3 27. f5 d3
28. Rf2 Nc5 29. f6 Ne4 30. f7+ Kg7 31. Rb2 d2 0-1

[Event "34th Leon Blitz Open 2021"]
[Site "chess.com INT"]
[Date "2021.07.07"]
[Round "1"]
[White "Svane, Rasmus"]
[Black "Filip, Lucian-Ioan"]
[Result "1-0"]
[WhiteTitle "GM"]
[BlackTitle "IM"]
[WhiteElo "2615"]
[BlackElo "2431"]
[WhiteFideId "4657101"]
[BlackFideId "1208900"]
[EventDate "2021.07.07"]

1. Nf3 Nf6 2. g3 d5 3. Bg2 c6 4. O-O Bf5 5. c4 e6 6. Qb3 Qb6 7. d3 Nbd7 8. cxd5
cxd5 9. Nc3 Qxb3 10. axb3 Bc5 11. Nb5 O-O 12. Bf4 a6 13. Nd6 Bxd6 14. Bxd6 Rfc8
15. Nd4 Bg6 16. f4 Nb8 17. Rfc1 Nc6 18. Nxc6 Rxc6 19. Rxc6 bxc6 20. h3 Nd7 21.
b4 f6 22. Kf2 h6 23. Ke1 Be8 24. Kd2 Kf7 25. g4 Nb6 26. Bc5 Nd7 27. Bd6 Nb6 28.
Kc3 Nc8 29. Bc5 Ne7 30. Bf3 Bd7 31. Bd6 Nc8 32. Bc5 Ne7 33. e4 Bc8 34. f5 Bd7
35. Ra5 e5 36. Bd1 d4+ 37. Kd2 Ke8 38. Bb3 Kd8 39. Bc4 Bc8 40. h4 Bb7 41. Be6
Bc8 42. Bc4 Bb7 43. Ra1 Bc8 44. Rg1 Kc7 45. Bxe7 1-0

[Event "34th Leon Blitz Open 2021"]
[Site "chess.com INT"]
[Date "2021.07.07"]
[Round "1"]
[White "Khanin, Semen"]
[Black "Sviridova, Vlada"]
[Result "1-0"]
[WhiteTitle "IM"]
[BlackTitle "WFM"]
[WhiteElo "2517"]
[BlackElo "2144"]
[WhiteFideId "4111990"]
[BlackFideId "24109606"]
[EventDate "2021.07.07"]

1. e4 e6 2. d4 d5 3. e5 c5 4. c3 Qb6 5. Nf3 Nc6 6. Na3 Bd7 7. Nc2 Nh6 8. Bd3 Nf5
9. O-O cxd4 10. cxd4 Rc8 11. Bd2 Nb4 12. Nxb4 Bxb4 13. Bxf5 exf5 14. Bxb4 Qxb4
15. a3 Qxb2 16. Rb1 Qxa3 17. Rxb7 Be6 18. Ng5 O-O 19. Qh5 h6 20. Nxe6 Rc1 21. g3
Rxf1+ 22. Kxf1 Qa6+ 23. Kg2 Qxb7 24. Nxf8 Kxf8 25. Qxf5 Qc6 26. Qh7 Qg6 27. Qxg6
fxg6 28. Kf1 Ke7 29. Ke2 g5 30. g4 g6 31. Kd2 h5 32. h3 Kd7 33. Kc3 Kc6 34. Kb4
Kb6 35. Ka4 a6 36. Kb4 Kc6 37. Ka5 Kb7 38. e6 Kc6 39. Kxa6 Kd6 40. Kb6 Kxe6 41.
Kc6 Ke7 42. Kxd5 Kd7 43. Ke5 1-0

[Event "34th Leon Blitz Open 2021"]
[Site "chess.com INT"]
[Date "2021.07.07"]
[Round "1"]
[White "Bluebaum, Matthias"]
[Black "Jimenez Martinez, Jose Vicente"]
[Result "1-0"]
[WhiteTitle "GM"]
[BlackTitle "FM"]
[WhiteElo "2669"]
[BlackElo "2271"]
[WhiteFideId "24651516"]
[BlackFideId "2264021"]
[EventDate "2021.07.07"]

1. d4 g6 2. c4 d6 3. e4 Bg7 4. Nc3 Nf6 5. h3 O-O 6. Be3 e5 7. d5 a5 8. g4 Na6 9.
Nge2 Nd7 10. Qd2 Ndc5 11. Ng3 Kh8 12. Be2 Bd7 13. h4 f5 14. gxf5 gxf5 15. exf5
Bxf5 16. h5 Qd7 17. h6 Bf6 18. O-O-O Nb4 19. Bxc5 dxc5 20. a3 Rg8 21. Nge4 Bxe4
22. Nxe4 Qf5 23. Bd3 Bg5 24. Nxg5 Nxd3+ 25. Qxd3 Rxg5 26. Rhe1 Rf8 27. Re2 Rg4
28. Qc3 Rd4 29. Rde1 Qf4+ 30. Kb1 Qxh6 31. Rxe5 Qf4 32. Re7 Qxf2 33. Ka2 b6 34.
Qh3 Qc2 35. Rc1 Qd3 36. Qh6 Rdf4 37. Qg7# 1-0

[Event "34th Leon Blitz Open 2021"]
[Site "chess.com INT"]
[Date "2021.07.07"]
[Round "1"]
[White "Elgersma, Onno"]
[Black "Nguyen, Ngoc Truong Son"]
[Result "0-1"]
[WhiteTitle "FM"]
[BlackTitle "GM"]
[WhiteElo "2298"]
[BlackElo "2641"]
[WhiteFideId "1053531"]
[BlackFideId "12401110"]
[EventDate "2021.07.07"]

1. e4 c5 2. Nf3 e6 3. g3 Nc6 4. Bg2 g6 5. Nc3 Bg7 6. O-O Nge7 7. d4 Nxd4 8. Nxd4
cxd4 9. Nb5 Qb6 10. Na3 O-O 11. Bf4 e5 12. Bd2 Qxb2 13. Nc4 Qb5 14. Nd6 Qc5 15.
Nxc8 Raxc8 16. Rb1 Qc7 17. f4 exf4 18. gxf4 b6 19. Bb4 Rfe8 20. Bxe7 Rxe7 21. e5
d6 22. exd6 Qxd6 23. f5 Rec7 24. fxg6 hxg6 25. Qf3 Qc5 26. Rbc1 d3+ 27. Kh1 dxc2
28. Rf2 Qg5 29. Rff1 Bb2 30. Rxc2 Rxc2 31. Qxf7+ Kh8 32. Be4 Rxh2+ 33. Kxh2 Be5+
34. Kh1 Qh4+ 35. Kg1 Qh2# 0-1

[Event "34th Leon Blitz Open 2021"]
[Site "chess.com INT"]
[Date "2021.07.07"]
[Round "1"]
[White "Ibrahimli, Murad"]
[Black "Senlle Caride, Miguel"]
[Result "1-0"]
[WhiteTitle "IM"]
[BlackTitle "FM"]
[WhiteElo "2436"]
[BlackElo "2354"]
[WhiteFideId "13410229"]
[BlackFideId "2282500"]
[EventDate "2021.07.07"]

1. Nf3 Nf6 2. g3 e6 3. Bg2 d5 4. O-O Be7 5. c4 O-O 6. d4 dxc4 7. Qc2 b5 8. a4 b4
9. Nfd2 c6 10. Nxc4 Qxd4 11. Be3 Qd8 12. Nbd2 Nd5 13. Nb3 Ba6 14. Bc5 Nd7 15.
Bxe7 Qxe7 16. Rfd1 c5 17. Nba5 N7b6 18. Ne5 Rac8 19. e4 Nf6 20. Nec6 Qc7 21.
Qxc5 b3 22. Rac1 Kh8 23. Qb4 Nc4 24. Rxc4 Bxc4 25. Qxc4 Qb6 26. Qb5 Rc7 27. e5
Nd5 28. Bxd5 exd5 29. Rxd5 h6 30. Qd3 Rxc6 31. Nxc6 Qxc6 32. Qxb3 Rc8 33. Rd1
Rc7 34. Rd8+ Kh7 35. Qd3+ g6 36. b3 Qc1+ 37. Kg2 Qe1 38. Qd5 Kg7 39. Qd6 Rb7 40.
Qf6+ 1-0

[Event "34th Leon Blitz Open 2021"]
[Site "chess.com INT"]
[Date "2021.07.07"]
[Round "1"]
[White "Yilmaz, Mustafa"]
[Black "Saravana, Krishnan P."]
[Result "1-0"]
[WhiteTitle "GM"]
[BlackTitle "IM"]
[WhiteElo "2630"]
[BlackElo "2312"]
[WhiteFideId "6302718"]
[BlackFideId "5018382"]
[EventDate "2021.07.07"]

1. Nf3 Nf6 2. c4 g6 3. Nc3 Bg7 4. e4 d6 5. d4 O-O 6. Bd3 Bg4 7. Be3 e5 8. d5 a5
9. h3 Bxf3 10. Qxf3 Na6 11. O-O Nh5 12. Rfe1 Nc5 13. Bc2 Kh8 14. Rad1 Qh4 15.
Kh2 Nf4 16. Qg3 Qe7 17. Qf3 Rae8 18. a3 Qh4 19. Qg4 Qd8 20. b4 axb4 21. axb4 Na6
22. Rb1 f5 23. Qd1 Qh4 24. Rh1 Bh6 25. Kg1 fxe4 26. Nxe4 Qe7 27. g3 g5 28. Kf1
Ng6 29. Qh5 Qg7 30. h4 Nf4 31. gxf4 gxf4 32. Rg1 Qf7 33. Qxh6 fxe3 34. Qxe3 Rg8
35. Rg5 h6 36. Rxg8+ Kxg8 37. Qxh6 Rf8 38. Rb3 1-0

[Event "34th Leon Blitz Open 2021"]
[Site "chess.com INT"]
[Date "2021.07.07"]
[Round "1"]
[White "De Silva, L M S T"]
[Black "Lorente Serrano, Rosa Adela"]
[Result "1-0"]
[WhiteTitle "FM"]
[BlackTitle "WFM"]
[WhiteElo "2085"]
[BlackElo "2022"]
[WhiteFideId "9953698"]
[BlackFideId "32091982"]
[EventDate "2021.07.07"]

1. d4 Nf6 2. Nf3 g6 3. g3 Bg7 4. Bg2 O-O 5. O-O d6 6. b3 Nbd7 7. Bb2 e5 8. dxe5
Ng4 9. c4 Ndxe5 10. Nc3 a5 11. Qc2 Nxf3+ 12. exf3 Ne5 13. f4 Bf5 14. Ne4 Nc6 15.
Bxg7 Kxg7 16. Qc3+ f6 17. Rad1 Qe7 18. Rfe1 Qf7 19. Ng5 Qd7 20. c5 h6 21. Ne4 d5
22. Nd2 Rad8 23. Nc4 d4 24. Bxc6 Qxc6 25. Rxd4 Bh3 26. Rde4 Rfe8 27. f3 Rxe4 28.
fxe4 b6 29. Qe3 bxc5 30. Nxa5 Qb5 31. Nc4 Qb4 32. e5 Qb7 33. exf6+ Kg8 34. f7+
Kg7 35. Qe5+ Kxf7 36. Qe7+ Kg8 37. Qxd8+ Kf7 38. Re7+ Kf6 39. Qf8# 1-0

[Event "34th Leon Blitz Open 2021"]
[Site "chess.com INT"]
[Date "2021.07.07"]
[Round "1"]
[White "Sarkar, Justin"]
[Black "Dang, Hoang Son"]
[Result "1-0"]
[WhiteTitle "IM"]
[BlackTitle "FM"]
[WhiteElo "2338"]
[BlackElo "2363"]
[WhiteFideId "2010011"]
[BlackFideId "12402435"]
[EventDate "2021.07.07"]

1. e4 g6 2. d4 Bg7 3. Nc3 a6 4. Nf3 d6 5. Be3 Nd7 6. Qd2 b5 7. a4 b4 8. Ne2 a5
9. Ng3 Bb7 10. c3 Ngf6 11. Bd3 O-O 12. cxb4 axb4 13. Qxb4 Rb8 14. Qd2 Ng4 15.
O-O c5 16. Rab1 Nxe3 17. fxe3 Qb6 18. Bb5 Nf6 19. d5 Ba6 20. Bxa6 Qxa6 21. b4
Qxa4 22. bxc5 Nxe4 23. Nxe4 Rxb1 24. Rxb1 Qxe4 25. Rb4 Qf5 26. c6 Bf6 27. e4 Qc8
28. Rb7 Qa8 29. h4 Qa1+ 30. Kh2 Kg7 31. h5 gxh5 32. Qf4 h6 33. c7 Rc8 34. Qf5
Be5+ 35. Nxe5 Qxe5+ 36. Qxe5+ dxe5 37. Kg3 Kg6 38. Kf3 Kg5 39. Ke3 Kg4 40. Kd3
Kg3 41. Kc4 Kxg2 42. Kc5 h4 43. Kc6 h3 44. Kd7 Rxc7+ 45. Rxc7 h2 46. Rc2+ Kg3
47. Rc1 Kg2 48. Kxe7 f5 49. exf5 e4 50. f6 e3 51. f7 e2 52. f8=Q h1=Q 53. Rxh1
Kxh1 54. Qf2 1-0